| 000 | 00428nam a22001457a 4500 | ||
|---|---|---|---|
| 005 | 20240827123834.0 | ||
| 008 | 240827b |||||||| |||| 00| 0 eng d | ||
| 082 |
_a332.71 _bAGR |
||
| 245 |
_aAgricultural Credit and Co-operative Financing/ _cThe Institute of Bankers in Pqakistan |
||
| 260 |
_aKarachi; _cThe Institute of Bankers in Pqakistan |
||
| 300 |
_a201 p.: _c21 cm. |
||
| 650 | _aEconomics | ||
| 999 |
_c36479 _d36479 |
||